Testing staff relationships in the high sierras (Registro nro. 69385)
[ vista simple ]
| 000 -LÍDER | |
|---|---|
| Campo fijo de descripción fija | 00839nab a2200205 i 4500 |
| 001 - NÚMERO DE CONTROL | |
| Campo de control | 768714001 |
| 003 - IDENTIFICADOR DEL NÚMERO DE CONTROL | |
| Campo de control | CO-MdFUSB |
| 005 - FECHA Y HORA DE LA ULTIMA TRANSACCIÓN | |
| control field | 20240425154306.0 |
| 008 - ELEMENTOS DE LONGITUD FIJA -- INFORMACIÓN GENERAL | |
| Campo fijo de descripción fija -- Información general | 240425t1981 us ||||| |||| 00| 0 eng d |
| 040 ## - FUENTE DE CATALOGACIÓN | |
| Idioma de catalogación | spa |
| Agencia que realiza la transcripción | CO-MdFUSB |
| Agencia que realiza la modificación | CO-MdFUSB |
| 041 ## - CÓDIGO DE IDIOMA | |
| Código de idioma para texto/pista de sonido o título separado | eng |
| 100 ## - ASIENTO PRINCIPAL--NOMBRE PERSONAL | |
| Término relacionador | autor |
| 245 ## - TÍTULO | |
| Título | Testing staff relationships in the high sierras |
| Mención de responsabilidad | / Gilbert R. Martin y Daniel W. Pawley |
| 300 ## - DESCRIPCIÓN FÍSICA | |
| Extensión | Volumen 2, número 2 (spring, 1981), páginas: 79 -86 |
| Dimensiones | ; 27 cm |
| 520 ## - NOTA DE RESUMEN, ETC. | |
| Nota de sumario, etc. | Una caminata por las montañas le enseñó al personal de una iglesia algunas lecciones sobre el compromiso cristiano. |
| 546 ## - NOTA DE IDIOMA | |
| Nota de idioma | Texto en inglés. |
| 650 #7 - ASIENTO SECUNDARIO DE MATERIA - TERMINO TEMÁTICO | |
| Término temático o nombre geográfico como elemento de entrada | Teología pastoral y unidad cristiana |
| 9 (RLIN) | 7183 |
| 773 0# - ASIENTO DE ITEM FUENTE | |
| Biblionumber | 68780 |
| Itemnumber | 82548 |
| Otro identificador del ítem | R2482 |
| Título | Leadership : |
| Número de control del registro | (CO-MdFUSB)768714001 |
| Parte(s) relacionada(s) / Volumen., número. (mes año), páginas | Volumen 2, número 2 (spring, 1981), páginas: 79 - 86 |
| Enumeración y primera página | página: 79 |
| 942 ## - TIPO DE MATERIAL (KOHA) | |
| Tipo de Item KOHA | Revistas y Fascículos |
No hay ítems disponibles.
